Países de Europa antes de la Primera Guerra Mundial - Estadísticas

Estadísticas generales
  • Esta prueba ha sido intentada 289 veces
  • La puntuación promedio es 24 de 25
Respuestas en el mapa
Las respuestas están codificadas por una escala verde-roja en el mapa de la prueba según el % correcto abajo.
 
Estadísticas de respuestas
País % Correcto
España
100%
Francia
100%
Italia
99%
Portugal
99%
Reino Unido
99%
Alemania
98%
Noruega
98%
Rusia
98%
Suecia
98%
Bélgica
97%
Grecia
97%
Países Bajos
97%
Suiza
97%
Dinamarca
96%
Andorra
95%
Mónaco
95%
San Marino
95%
Albania
94%
Bulgaria
94%
Luxemburgo
94%
Rumania
92%
Serbia
92%
Liechtenstein
88%
Montenegro
87%
Austria-Hungría
78%
No se encontraron pruebas coincidentes
Distribución de puntuación
Porcentaje de gente con cada puntuación
Porcentaje por número respondido
Historial de tus puntuaciones
No has intentado esta prueba.